Comparison of the development of direct foreign investment in Slovakia and in the transforming economies

Gespeichert in:
Bibliographische Detailangaben
1. Verfasser: Hošková, Adela
Format: Buch
Sprache:Englisch
Veröffentlicht: Bratislava Institute of Monetary and Financial Studies of the NBS 2000
Schlagworte:
Tags: Tag hinzufügen
Keine Tags, Fügen Sie das erste Tag hinzu!

MARC

LEADER 00000nam a2200000 4500
001 c124626
005 20221221081819.1
041 0 |a eng 
044 |a SK 
245 1 0 |a Comparison of the development of direct foreign investment in Slovakia and in the transforming economies  |c Adela Hošková 
264 1 |a Bratislava  |b Institute of Monetary and Financial Studies of the NBS  |c 2000 
300 |a 59 s. 
610 2 0 |a investície priame zahraničné 
610 2 0 |a transformácia 
610 2 0 |a reformy hospodárske 
610 2 0 |a porovnanie medzinárodné 
610 2 0 |a bilancia obchodná 
610 2 0 |a bilancia platobná 
610 2 0 |a rozhodovanie 
610 2 0 |a investori 
610 2 0 |a rozvoj hospodársky 
610 2 0 |a stredná Európa 
610 2 0 |a Slovensko 
610 2 0 |a NBS Bratislava 
100 1 |a Hošková, Adela